EPIC: The Musical - Lyrics Sort #12 - Keep Your Friends Close - Statistics

General Stats
  • This quiz has been taken 72 times
  • The average score is 33 of 64
Answer Stats
Hint Answer % Correct
Line 1 Great wind God, Aeolus, I don't know if you know this
100%
Line 5 Ha-ha-ha, I am the wind, twisting and turning
97%
Line 2 But our path to home is blocked by an impenetrable storm
94%
Line 3 I ask for your assistance, so we at last can go the distance
94%
Line 6 I give the fire enough to stay burning
94%
Line 7 Let's play a game (a game?)
94%
Line 11 All you have to do is not open this bag
92%
Line 4 Can you cast the perfect winds for us and aid our journey home?
92%
Line 9 Take a look right here at this bag
92%
Line 8 That's what I'm serving, and if you win, you will get what you're yearning (deal)
92%
Line 13 Ha-ha-ha, keep your friends close and your enemies closer
86%
Line 10 It has the winds of the storm all trapped
86%
Line 12 Sounds too easy, what's the catch?
86%
Line 15 If they wanna get the bag open, you gotta say, "No sir"
67%
Line 17 Cause the end always justifies the means [1]
58%
Line 16 (Sometimes killing is a must) what?
58%
Line 18 Friends turn into foes and rivalries
56%
Line 14 (Never really know who you can trust)
56%
Line 19 So, keep your friends close and your enemies closer
53%
Line 25 No, do not
47%
Line 21 Captain, what's happenin'? What's trapped in that bag?
44%
Line 26 Everybody listen closely
44%
Line 23 It's treasure (what?) Bye-bye
44%
Line 30 Keep your friends close and your enemies closer [1]
44%
Line 24 Open the bag (let's see what you got)
44%
Line 27 See how this bag is closed, that's how it's supposed to be
44%
Line 22 Somethin' dangerous, friends, we mustn't lag
44%
Line 33 Sometimes sneaking is a must (Sometimes sneaking is a must)
44%
Line 28 This bag has the storm inside
44%
Line 29 We cannot let the treasure rumor fly (we'll try)
44%
Line 34 Cause the end always justifies the means [2]
42%
Line 35 (Everything's changed since Polites, so)
42%
Line 38 For nine days, I've stayed wide awake
42%
Line 36 Keep your friends close and your enemies closer [2]
42%
Line 31 Never really know who you can trust (never really know who you can trust) [2]
42%
Line 32 Now they wanna get the bag open so they can have closure
42%
Line 39 Tryna make it home with no storm or tidal wave
42%
Line 41 And I'm getting closer to you
39%
Line 47 I keep on trying to embrace you both, why won't you let me?
39%
Line 40 I remain unopposed, the bag is still closed
39%
Line 46 Just keep your eyes open [2]
39%
Line 48 Just keep your eyes open [3]
39%
Line 20 Never really know who you can trust, never really know who you can trust [1]
39%
Line 37 Never really know who you can trust (never really know who you can trust) [3]
39%
Line 42 (Penelope) I can't wait to make some new memories
39%
Line 49 So much has changed, but I'm the same, yes, I'm the same
39%
Line 43 (Telemachus) time for me to be the father I never was
39%
Line 45 Why are my eyes, and my heart, and my soul so heavy?
39%
Line 44 Just keep your eyes open [1]
36%
Line 64 Do you know who I am?
33%
Line 53 No!
33%
Line 52 Wake up, Odysseus, they're opening the bag, wake up
33%
Line 57 Where's the storm taking us?
33%
Line 61 Help me close the bag (but sir, it's too late)
31%
Line 59 If I had to guess? You're heading to the land of the giants
31%
Line 58 I said to keep the bag closed, but you weren't compliant
31%
Line 50 Just keep your eyes open, keep your eyes open
31%
Line 54 Keep your friends close and your enemies closer [3]
31%
Line 55 Never really know who you can trust (never really know who you can trust) [4]
31%
Line 63 Odysseus of Ithaca!
31%
Line 60 Storm, storm
31%
Line 62 We can save whatever wind is left to use another day, come one
31%
Line 56 Storm, full speed ahead
28%
Line 51 Wake up
28%
No matching quizzes found
Score Distribution
Percent of People with Each Score
Percentile by Number Answered
Your Score History
You have not taken this quiz